[Event "Muensterland Verbandsklasse-A 1112"]
[Site "Germany"]
[Date "2012.05.12"]
[Round "9.7"]
[White "Boerding, Thomas"]
[Black "Tempelman, Kristianne"]
[Result "0-1"]
[WhiteElo "1726"]
[BlackElo "1961"]
[PlyCount "70"]
[EventDate "2011.09.17"]
[EventType "team-tourn"]
[EventRounds "9"]
[EventCountry "GER"]
[SourceTitle "EXT 2013"]
[Source "ChessBase"]
[SourceDate "2012.11.22"]
[SourceVersion "1"]
[SourceVersionDate "2012.11.22"]
[SourceQuality "1"]
[WhiteTeam "Telgte"]
[BlackTeam "Emsdetten Rochade"]
[WhiteTeamCountry "GER"]
[BlackTeamCountry "GER"]

1. c4 c5 2. Nc3 Nc6 3. Nf3 g6 4. e4 Bg7 5. Be2 e6 6. d3 Nge7 7. Bg5 0-0 8. Qd2 Re8 9. 0-0 a6 10. Rac1 Rb8 11. a4 Nd4 12. Nxd4 cxd4 13. Nd1 d5 14. exd5 exd5 15. c5 Bf5 16. f4 Qd7 17. a5 Rbc8 18. b4 Nc6 19. h3 Nxb4 20. g4 Rxe2 21. Qxe2 Bxd3 22. Qd2 Bxf1 23. Kxf1 Qb5+ 24. Kg1 Nd3 25. Ra1 Nxc5 26. Rc1 Re8 27. Qc2 Re1+ 28. Kf2 Qf1+ 29. Kg3 Ne4+ 30. Qxe4 Rxe4 31. Rc8+ Bf8 32. Bh6 Qe1+ 33. Nf2 Qg1+ 34. Kh4 Qxf2+ 35. Kg5 Qxf4+ 0-1

[Event "Muensterland Verbandsklasse-A 0809"]
[Site "Germany"]
[Date "2008.10.11"]
[Round "2.8"]
[White "Jaeschke, Thomas"]
[Black "Boerding, Thomas"]
[Result "0-1"]
[WhiteElo "1029"]
[BlackElo "1635"]
[PlyCount "58"]
[EventDate "2008.09.13"]
[EventType "team-tourn"]
[EventRounds "9"]
[EventCountry "GER"]
[SourceTitle "EXT 2010"]
[Source "ChessBase"]
[SourceDate "2010.11.25"]
[SourceVersion "1"]
[SourceVersionDate "2010.11.25"]
[SourceQuality "1"]
[WhiteTeam "Gronau II"]
[BlackTeam "Telgte"]
[WhiteTeamCountry "GER"]
[BlackTeamCountry "GER"]

1. e4 e5 2. Nf3 Nc6 3. Nc3 Nf6 4. Bb5 Qe7 5. d3 a6 6. Bc4 h6 7. a3 d6 8. h3 Be6 9. Bxe6 fxe6 10. 0-0 g5 11. Nh2 Nd4 12. Nb1 0-0-0 13. c3 Nc6 14. b4 d5 15. Qe2 Qd7 16. Rd1 dxe4 17. Be3 exd3 18. Rxd3 Qxd3 19. Qxd3 Rxd3 20. a4 Ne4 21. b5 Na5 22. bxa6 bxa6 23. Nf1 Nc4 24. Ra2 Nxe3 25. fxe3 Bc5 26. Re2 Rf8 27. Nbd2 Nxd2 28. Nxd2 Rxe3 29. Rxe3 Bxe3+ 0-1